000 00785nam a22002417a 4500
003 OSt
005 20260601193900.0
008 260506b2011 enka|||| |||| 00| 0 eng d
020 _a9781840915679
040 _aICI
_bspa
_cICI
041 _aeng
050 _aNK2117.C6
_bC66 2006
100 1 _aWilhide, Elizabeth ,
_eeditor
_933735
245 1 _aTerence conran essential colour :
_bthe back to basics guide to home design, decoration & furnishing /
_cElizabeth Wilhid
264 _aLondon :
_bconran octopus ,
_c2011
300 _a112 páginas :
_bilustraciones
650 _aColor en decoración de interiores
_933736
650 _aDiseño de interiores
650 _aTeoría del color
650 _aDecoración de interiores
650 _aDiseño ambiental
942 _2lcc
_cB
_n1
999 _c22208
_d22208